[Event "Tata Steel Masters"]
[Site "?"]
[Date "2017.01.16"]
[Round "3.6"]
[White "So, Wesley"]
[Black "Rapport, Richard"]
[Result "1-0"]
[WhiteElo "2808"]
[BlackElo "2702"]
[Annotator "Bojkov, Dejan"]
[PlyCount "95"]
[EventDate "2017.??.??"]
[WhiteClock "0:50:48"]
[BlackClock "0:47:30"]

1. Nf3 Nf6 2. g3 b6 3. d4 Bb7 4. c4 e6 {Rapport may play a ton of things but
the QID is not (or at least according to the Megabase was not) one of those.
But he obviously spotted that So has no games in this line either. Thus
technically speaking they are both out of book. Which did not prevent them
from following the main theory.} 5. Bg2 Be7 6. O-O O-O 7. Nc3 Ne4 8. Bd2 Bf6 9.
Rc1 Nxd2 10. Qxd2 d6 11. d5 e5 12. e4 Nd7 13. h4 {The kingside expansion
limits the black bishops and opens the road for the white one. As long as
there are plenty of pawns on the board White is save. However, if the game is
opened the bishops might have the final word.} a5 {Black on his term secures
some nice squares and space on the queenside.} 14. Bh3 Nc5 15. Kg2 Bc8 {
Technically speaking this bishop should be better than the white one, but not
in this situation. It is biting the granite on the long diagonal while the
white one is a celebrity on the neighbouring one.} 16. Rh1 {So is the first to
leave the beaten track.} ({At the Olympiad a very important game saw} 16. Bxc8
Qxc8 17. Qe2 Be7 18. Nd2 Nd7 {Tomashevsky,E (2731)-Ponomariov,R (2709) Baku
2016. Perhaps both Rapport and So had a close look at it while it was played.})
16... Bxh3+ 17. Rxh3 Qd7 {Now the position resembles the KID. White seems a
bit better, but Black can prepare counterplay on the kingside with f7-f5 in
the foreseeable future.} 18. Nh2 (18. Ne1 $5 {with the idea to jump to d3 and
get rid of the black knight makes sense.}) 18... h5 $1 {This fixes the pawn on
h4. It also stops} (18... g6 19. h5) 19. f3 $6 {"A bad move," said So. "It
prevents my queen from attacking the h-pawn and it also weakens the dark
squares".} ({Perhaps the knight should have retreated to the f3 square
although Black's play is very straightforward here:} 19. Nf3 g6 {followed by
Bf6-g7 and f7-f5.}) 19... g6 20. g4 {It seems dangerous for Black but the cool}
Kh7 {reveals that the opening of the game is in Black's favor.} 21. Rh1 ({
For example} 21. gxh5 $2 gxh5 22. Nf1 Rg8+ 23. Ng3 Bg7 $1 {followed by
Bg7-h6-f4 with strong pressure for Black.}) 21... Rg8 22. Qd1 ({Naturally
White avoids the fixation of the pawn structure as after} 22. g5 Bg7 {Black
will play Ra8-f8, f7-f6 and open the game at the best moment. In this case the
pawn on f3 will become backwards and weak, as well as the remaining white pawn
on the kingside (no matter if it is on g5 or even worse, h4.)}) 22... Bg7 23.
Nf1 {It seems as White is making progress. The knight will jump to g3, then
there will be a trade on h5 and then the white knight will get to the
excellent f5 outpost. However after} Bh6 {it turns out that things are not
that simple.} 24. Kf2 (24. Ng3 Bf4 {will come just in time when the knight
will never make it to f5. For example:} (24... Be3 $5) 25. Kf1 Qe7 26. gxh5
Bxg3 $1 27. Rxg3 (27. hxg6+ $2 Rxg6) 27... gxh5 {and Black is better as the h4
is a target contrary to the one on h5.}) (24. gxh5 $2 f5 $1 {is even worse for
White who gets under a heavy attack.} 25. hxg6+ Rxg6+ 26. Rg3 Rag8 27. exf5
Qxf5 28. Qb1 Qxb1 29. Nxb1 Bf4 30. Rxg6 Rxg6+ 31. Kf2 Nd3+ {with a clear edge
for Black.}) 24... Bc1 $1 {One for the money! "I missed that move," said So.
The bishop reveals some hidden problems for White. It is not only the kingside
that is under pressure.} ({Here too} 24... Bf4 {is OK for Black but the move
in the game is stronger.}) 25. Ng3 $5 {So sacrificed the ill pawn.} (25. Qxc1
$4 {is definitely not a move that we would see at this level...}) ({Neither is
} 25. b3 $6 Bb2 {when the bishop will soon land on the excellent d4 square.}) (
{White's main problem is that the obvious threat cannot be stopped easily, if
at all:} 25. Qc2 $2 Bxb2 {is not exactly a defense.}) 25... Bxb2 26. Nb5 Bc1 $1
{Two for the show!} 27. gxh5 Bf4 28. Nc3 f5 $1 {Rapport continues his
powerplay. The g-file is opened for the rook and it seems as So's position
will collapse in any moment.} 29. hxg6+ Rxg6 30. Nxf5 Rag8 31. Kf1 b5 $1 {
Three to get ready... The knight is deflected and the rooks are ready to go.} (
31... Rg2 32. Ne2 $1 {gives White defensive chances.}) 32. cxb5 ({Or} 32. Nxb5
Rg2 33. Nc3 Rd2 34. Qc1 Nd3 {and Black gets through.}) 32... Rg2 33. Qb1 Qf7 $2
{And when everything seemed ready the cat did not go... A tragic moment for
Rapport. The obvious:} (33... Rd2 $1 {would have won a brilliant game. For
example:} 34. Rg1 Rxg1+ 35. Kxg1 Qe8 36. Kf1 Nd3 37. Ne2 Nb2 $1 {and White is
helpless.}) 34. Ne2 {Now So cements the position and if there is no mate he is
better strategically!} Qg6 $2 {The blunders never walk alone. After realizing
what he had done, a frustrated Rapport tries to escape with tactics, but this
one does not work! The most incredible thing is that he still had a remarkable,
unhuman resorce:} (34... c6 $3 {which would have at least saved the game. The
lines are very complicated:} 35. dxc6 $4 {actually loses to} (35. bxc6 $2 {
is no go due to} Qa7 $1 {and once again the queen enters the battle with
decisive effect.}) ({Therefore White should probably force draw with something
like:} 35. b6 cxd5 36. b7 Nxb7 ({But not} 36... Qxb7 37. Qxb7+ Nxb7 38. Ne7 {
with an advantage for White in the endgame.}) 37. Nxf4 exf4 38. exd5 Kh8 39.
Qb2+ Kh7 40. Qb1) 35... Qc4 36. Qd1 Nd3 {when Black reaches the white king.})
35. Ne7 Rf2+ $5 {The idea! Alas, it is flashy but not efficient.} 36. Kxf2 Qg2+
37. Ke1 Rg3 $5 {And the point.} 38. Rxg3 $1 {A cold shower for Black.} ({"If"} 
38. Nxf4 Rxh3 $1 {"and Black might be even winning," said So. Indeed, after}
39. Rf1 (39. Nxg2 Rxh1+ 40. Ke2 Rxb1 {is even easier for Black.}) 39... Qxf1+
$1 40. Kxf1 Rh1+ 41. Kg2 Rxb1 {Black is up an exchange and has all the winning
chances.}) 38... Qxh1+ 39. Rg1 Qxf3 40. Nxf4 $1 {The trade of the dangerous
black pieces seals Black's fate.} Qe3+ 41. Ne2 Nd3+ 42. Qxd3 $1 {So should
have foreseen this in advance, as} (42. Kd1 Nf2+ 43. Kc2 Qxe2+ 44. Kb3 Qe3+ {
leads to perpetual only. Perhaps this is the line which Rapport was hoping for.
}) 42... Qxd3 43. Ng8 {Now it is white who has decisive attack. The knight on
e2 is a fantastic defender.} Qf3 44. h5 Kh8 45. Rg6 Qh1+ 46. Kd2 Qxe4 (46...
Qxh5 47. Rh6+) 47. Nf6 Qb4+ 48. Ke3 {Checkmate is inevitable and Rapport
resigns...} 1-0

[Event "79th Tata Steel Chess 2017-Masters"]
[Site "Wijk aan Zee"]
[Date "2017.01.16"]
[Round "3"]
[White "Adhiban, Baskaran"]
[Black "Aronian, Levon"]
[Result "1/2-1/2"]
[WhiteElo "2653"]
[BlackElo "2780"]
[Annotator "Sagar Shah"]
[PlyCount "75"]
[EventDate "2017.??.??"]
[EventType "tourn"]
[EventCountry "NED"]
[SourceTitle "playchess.com"]
[Source "ChessBase"]
[TimeControl "40/6000+30:20/3000+30:900+30"]

1. d4 {[%emt 0:00:00]} Nf6 {[%emt 0:00:08]} 2. Nf3 {[%emt 0:00:00]} d5 {
[%emt 0:00:07]} 3. Bf4 {16 The London virus is spreading quick! Even Adhiban
is now hit by it!} c5 {[%emt 0:00:21]} 4. e3 {[%emt 0:00:09]} Nc6 {[%emt 0:00:
07]} 5. c3 {358} e6 {[%emt 0:00:09]} 6. Nbd2 {[%emt 0:00:08]} Be7 {[%emt 0:00:
08]} (6... Bd6 7. Bg3 O-O 8. Bb5 {is the main line these days and was used by
Carlsen to beat Anand in the World Rapid.}) 7. Ne5 {82 Adhiban made this move
quickly which meant that he was prepared.} Nd7 {211} 8. Bd3 {68} O-O {495} (
8... Ndxe5 9. dxe5 g5 10. Bg3 h5 $5 {reminds of Spassky-Petrosian.}) 9. Qh5 {
404} f5 {[%emt 0:00:45]} 10. Ndf3 {309} Ndxe5 {1075} 11. Nxe5 {[%emt 0:00:06]}
Nxe5 {[%emt 0:00:42]} 12. Bxe5 {[%emt 0:00:05]} Bd6 {[%emt 0:00:24]} 13. f4 {
636} Bxe5 {122} 14. fxe5 {[%emt 0:00:04]} Bd7 {[%emt 0:00:44]} 15. O-O {430}
Qb6 {[%emt 0:00:54]} 16. Rf2 {304} Bb5 {[%emt 0:00:33]} 17. Bxb5 {607} Qxb5 {
12 The position is around equal. Nothing much going on.} 18. Raf1 {68} Qd3 {708
} 19. Rf3 {[%emt 0:00:41]} Rf7 {227} 20. g4 $5 {116 it's not easy to keep
Adhiban quiet for too long.} Raf8 {243} 21. gxf5 {70} g6 $1 {17 The evaluation
of the position remains the same, but Aronian tries to trick his opponent.} 22.
Qg5 {1359} (22. fxg6 hxg6 23. Qh3 (23. Qg4 Qxf1+ 24. Kxf1 Rxf3+ 25. Kg2 Rf2+
26. Kg3 Kg7 $11) 23... Rxf3 24. Rxf3 Rxf3 25. Qxf3 Qb1+ 26. Qf1 Qxb2 $11) 22...
Rxf5 {237} 23. Rxf5 {[%emt 0:00:10]} exf5 {88 Aronian tries to fight in this
even position, hoping for the young Indian to go wrong.} 24. Qf4 {278} Qc4 {
1283} 25. a3 {306} Qe2 {81} 26. Rf2 {168} Qd1+ {[%emt 0:00:31]} 27. Kg2 {74}
cxd4 {263} 28. cxd4 {[%emt 0:00:20]} (28. exd4 $5) 28... Rc8 {320} 29. Qf3 {
[%emt 0:00:49]} Qb3 {[%emt 0:00:10]} 30. h4 {61} Rc1 {328} 31. h5 {[%emt 0:00:
36]} Re1 {[%emt 0:00:54]} 32. hxg6 {83} hxg6 {[%emt 0:00:15]} 33. Re2 {163} Rc1
{240} 34. Qg3 {[%emt 0:00:36]} Kg7 {[%emt 0:00:10]} 35. Qg5 {196} Qd1 {[%emt 0:
00:14]} 36. Qe7+ {[%emt 0:00:15]} Kh6 {[%emt 0:00:26]} 37. Qh4+ {[%emt 0:00:29]
} Kg7 {[%emt 0:00:05]} 38. Qe7+ {Nothing much happened in this game.
Theoretically Aronian can be happy, and practically Adhiban can be peased with
the result.} 1/2-1/2

[Event "Wijk aan Zee"]
[Site "Wijk aan Zee"]
[Date "2017.01.16"]
[Round "3"]
[White "Eljanov, Pavel"]
[Black "Harikrishna, Pentala"]
[Result "1/2-1/2"]
[WhiteElo "2755"]
[BlackElo "2766"]
[Annotator "Sagar Shah"]
[PlyCount "83"]
[EventDate "2017.??.??"]
[EventType "tourn"]
[EventCountry "NED"]
[SourceTitle "playchess.com"]
[Source "ChessBase"]
[TimeControl "40/6000+30:20/3000+30:900+30"]

1. Nf3 {[%emt 0:00:00]} Nf6 {[%emt 0:00:23]} 2. c4 {[%emt 0:00:55]} c5 {
[%emt 0:00:17]} 3. Nc3 {[%emt 0:00:25]} d5 {19 Harikrishna likes to play the
Semi-Tarrasch. Soon we reach something similar.} 4. cxd5 {[%emt 0:00:45]} Nxd5
{[%emt 0:00:09]} 5. e3 {202} e6 {123} 6. Bc4 {252} (6. d4 {would be the e3
variation of the Semi Tarrasch.}) 6... Nc6 {144} 7. O-O {[%emt 0:00:48]} Be7 {
381} 8. Qe2 {509} O-O {344 What Hari does is nice to learn from. He just
develops his pieces and gets his king to safety.} 9. Rd1 {[%emt 0:00:39]} Nb6 {
257} 10. Bb5 {966} Bd7 {304 Once again simple development. No flashy business.}
11. d4 {402} cxd4 {109} 12. exd4 $1 {7 Accepting the Isolani is the correct
way to play.} (12. Nxd4 Nxd4 13. Rxd4 Bxb5 14. Qxb5 Qc7 {And Black has
absolutely no problems.}) 12... Nb4 {[%emt 0:00:29]} 13. Bxd7 {[%emt 0:00:06]}
Qxd7 {[%emt 0:00:09]} 14. Ne5 {[%emt 0:00:07]} Qe8 $1 {423 A very nice idea.
Hari realizes that sooner or later he will play f7-f5 and hence the queen is
well placed on e8.} 15. a3 {150} N4d5 {130} 16. Rd3 {[%emt 0:00:22]} f5 {
742 After this move the e5 square and e6 pawn become weak, but White has no
real kingside attack.} 17. Bd2 {1320} Bf6 {144} 18. Re1 {101} Rc8 {357} 19. Rg3
{201} Qe7 {602} 20. Bh6 {1112} Kh8 {297} 21. Bc1 {[%emt 0:00:11]} Kg8 {218
Hari has a comfortable position, but with the leader and the black pieces, he
is fine with a draw.} 22. Bh6 {[%emt 0:00:53]} Kh8 {147} 23. Bc1 {[%emt 0:00:
05]} Kg8 {66} 24. Rh3 {55 Eljanov shows great fighting spirit, although
objectively this decision is incorrect because only Black can have chances to
fight for advantage.} Bxe5 {408} 25. Qxe5 {[%emt 0:00:09]} Rc6 {[%emt 0:00:19]}
26. Qe2 {318} (26. Nxd5 Nxd5 27. Qxd5 $4 exd5 28. Rxe7 Rxc1+ $19) 26... Rfc8 {
228 Black's harmony keeps improving.} 27. Bd2 {[%emt 0:00:04]} Nxc3 {118} 28.
bxc3 {69} (28. Bxc3 Nd5 $17 {is clearly better for Black.}) 28... Nd5 {[%emt 0:
00:25]} 29. a4 {609} Qf7 {339} 30. Rg3 {152} Nxc3 {288} 31. Rxc3 {[%emt 0:00:
04]} Rxc3 {[%emt 0:00:08]} 32. Bxc3 {[%emt 0:00:07]} Rxc3 {[%emt 0:00:08]} 33.
h3 {[%emt 0:00:03]} Rc6 {91 Black has pinched a pawn and White has to play
carefully, in order to not let Black consolidate.} 34. Qe5 $1 {[%emt 0:00:23]}
Qd7 {202} (34... h6 {looked more human.} 35. Qb8+ Kh7 36. Qxa7 Ra6 37. Qc5 Rxa4
38. Qe5 Ra6 39. Rc1 {White has compensation and the game should most probably
end in a draw.}) 35. Qb8+ {85} Kf7 {[%emt 0:00:56]} 36. Qxa7 {[%emt 0:00:27]}
Ra6 {[%emt 0:00:15]} 37. Qb8 {[%emt 0:00:49]} Rxa4 {143} 38. Rb1 {[%emt 0:00:
40]} b5 {[%emt 0:00:18]} 39. Rxb5 {[%emt 0:00:54]} Ra8 {229} 40. Qe5 {[%emt 0:
00:00]} Rd8 {102} 41. Rb6 {180} Qd5 {304} 42. Qxd5 {115} (42. Qxd5 Rxd5 43. Rb4
{Theoretically Black is better but there is no way to win the d4 pawn and
White will hold with ease.}) 1/2-1/2

[Event "Wijk aan Zee"]
[Site "Wijk aan Zee"]
[Date "2017.01.16"]
[Round "3"]
[White "Wei, Yi"]
[Black "Nepomniachtchi, Ian"]
[Result "1-0"]
[WhiteElo "2706"]
[BlackElo "2767"]
[Annotator "Sagar Shah"]
[PlyCount "149"]
[EventDate "2017.??.??"]
[EventType "tourn"]
[EventCountry "NED"]
[SourceTitle "playchess.com"]
[Source "ChessBase"]
[TimeControl "40/6000+30:20/3000+30:900+30"]

1. e4 {[%emt 0:00:00]} c5 {[%emt 0:00:06]} 2. Nf3 {[%emt 0:00:00]} d6 {[%emt 0:
00:04]} 3. d4 {[%emt 0:00:00]} cxd4 {[%emt 0:00:04]} 4. Nxd4 {[%emt 0:00:00]}
Nf6 {[%emt 0:00:04]} 5. Nc3 {[%emt 0:00:00]} a6 {[%emt 0:00:04]} 6. Bg5 {
[%emt 0:00:08]} e6 {[%emt 0:00:08]} 7. f4 {[%emt 0:00:06]} h6 {[%emt 0:00:04]}
8. Bh4 {[%emt 0:00:07]} Qb6 {[%emt 0:00:06]} 9. a3 {64} Nbd7 {[%emt 0:00:15]}
10. Be2 {138} e5 {141} 11. Nf5 {2125} g6 {444} 12. Bf2 {470} Nc5 {912} 13. b4 {
224} gxf5 {[%emt 0:00:10]} 14. O-O {905} Nfxe4 {325} 15. Nxe4 {[%emt 0:00:14]}
fxe4 {[%emt 0:00:05]} 16. bxc5 {136} dxc5 {[%emt 0:00:45]} 17. fxe5 {296} Be6 {
148} 18. Rb1 {733} Qc6 {600} 19. Bg4 {171} b5 {345} 20. Bh4 {[%emt 0:00:25]}
Rg8 {174} 21. Bxe6 {75} Qxe6 {[%emt 0:00:06]} 22. Rf6 {[%emt 0:00:24]} Qg4 {
[%emt 0:00:59]} 23. Qd2 {[%emt 0:00:13]} Be7 {302} 24. Rf4 {434} Qd7 {245} 25.
Qxd7+ {[%emt 0:00:08]} Kxd7 {[%emt 0:00:04]} 26. e6+ $3 {9 Quite a deep move
and very easily found by Wei Yi.} (26. Rxf7 Rae8 $11) 26... fxe6 {128} (26...
Kxe6 27. Rxe4+ $18) 27. Rf7 {[%emt 0:00:04]} Rg5 {[%emt 0:00:45]} (27... Rae8
28. Rd1+ $18 {Now there is no Ke6.}) 28. Rd1+ {113} Ke8 {[%emt 0:00:55]} 29.
Rh7 {[%emt 0:00:04]} b4 {63} 30. a4 {688} c4 {61} 31. Bxg5 {125} hxg5 {[%emt 0:
00:19]} 32. Rh8+ {108} Bf8 {[%emt 0:00:07]} 33. Rf1 {[%emt 0:00:21]} Ke7 {
[%emt 0:00:05]} 34. Rh7+ {[%emt 0:00:02]} Kd6 {[%emt 0:00:06]} 35. Rh8 {
[%emt 0:00:05]} Ke7 {[%emt 0:00:05]} 36. Rh7+ {[%emt 0:00:43]} Kd6 {[%emt 0:00:
06]} 37. Rhf7 {[%emt 0:00:06]} Bh6 {[%emt 0:00:33]} 38. Rd1+ {97} Ke5 {269} 39.
Rc7 {[%emt 0:00:28]} c3 {[%emt 0:00:45]} 40. Kf2 {[%emt 0:00:00]} g4 {206} 41.
Rc5+ {622} Kf6 {153} 42. Ke2 {[%emt 0:00:10]} Rb8 {465} 43. Rb1 {91} Rd8 {418}
44. Rf1+ {[%emt 0:00:44]} Ke7 {76} 45. Rc7+ {63} Kd6 {[%emt 0:00:10]} 46. Rc4 {
617} Ke7 {144} 47. Rd1 {70} Rb8 {[%emt 0:00:12]} 48. Rdd4 {300} b3 {[%emt 0:00:
49]} 49. cxb3 {[%emt 0:00:11]} Rxb3 {[%emt 0:00:56]} 50. Rc7+ {433} Kf6 {
[%emt 0:00:25]} 51. Rxe4 {[%emt 0:00:05]} Rb2+ {423} 52. Kd3 {[%emt 0:00:06]}
Rd2+ {[%emt 0:00:50]} 53. Kxc3 {[%emt 0:00:06]} Kf5 {[%emt 0:00:25]} 54. Re1 {
139} Rxg2 {[%emt 0:00:06]} 55. Rc5+ {[%emt 0:00:03]} Kf6 {89} 56. Re4 {[%emt 0:
00:04]} Rxh2 {60} 57. Rxg4 {[%emt 0:00:06]} a5 {194} 58. Kd3 {265} Rd2+ {169}
59. Ke4 {[%emt 0:00:08]} Re2+ {[%emt 0:00:39]} 60. Kf3 {[%emt 0:00:00]} Re3+ {
[%emt 0:00:48]} 61. Kf2 {[%emt 0:00:27]} Re5 {124} 62. Rg6+ {574} Kxg6 {
[%emt 0:00:09]} 63. Rxe5 {[%emt 0:00:05]} Bd2 {[%emt 0:00:06]} 64. Rxe6+ {
[%emt 0:00:54]} Kf7 {[%emt 0:00:24]} 65. Re4 {[%emt 0:00:13]} Kf6 {150} 66. Ke2
{[%emt 0:00:05]} Bc3 {77} 67. Rc4 {[%emt 0:00:14]} Be5 {900} 68. Rc5 {[%emt 0:
00:06]} Ke6 {[%emt 0:00:04]} 69. Rxa5 {[%emt 0:00:06]} Bc7 {[%emt 0:00:53]} 70.
Rb5 {[%emt 0:00:06]} Kd6 {[%emt 0:00:05]} 71. Kd3 {[%emt 0:00:11]} Kc6 {
[%emt 0:00:16]} 72. Kc4 {[%emt 0:00:04]} Bb6 {[%emt 0:00:50]} 73. a5 {[%emt 0:
00:05]} Ba7 {[%emt 0:00:19]} 74. a6 {[%emt 0:00:06]} Bb6 {[%emt 0:00:03]} 75.
Rb3 {[%emt 0:00:08]} 1-0

[Event "Wijk aan Zee"]
[Site "Wijk aan Zee"]
[Date "2017.01.16"]
[Round "3"]
[White "So, Wesley"]
[Black "Rapport, Richard"]
[Result "1-0"]
[WhiteElo "2808"]
[BlackElo "2702"]
[Annotator "Sagar Shah"]
[PlyCount "95"]
[EventDate "2017.??.??"]
[EventType "tourn"]
[EventCountry "NED"]
[SourceTitle "playchess.com"]
[Source "ChessBase"]
[TimeControl "40/6000+30:20/3000+30:900+30"]

1. Nf3 {[%emt 0:00:00]} Nf6 {[%emt 0:00:40]} 2. g3 {[%emt 0:00:00]} b6 {
[%emt 0:00:50]} 3. d4 {90} Bb7 {[%emt 0:00:21]} 4. c4 {69} e6 {[%emt 0:00:14]}
5. Bg2 {[%emt 0:00:05]} Be7 {[%emt 0:00:33]} 6. O-O {63} O-O {[%emt 0:00:06]}
7. Nc3 {[%emt 0:00:16]} Ne4 {[%emt 0:00:13]} 8. Bd2 {[%emt 0:00:04]} Bf6 {
[%emt 0:00:13]} 9. Rc1 {95} Nxd2 {[%emt 0:00:16]} 10. Qxd2 {[%emt 0:00:07]} d6
{[%emt 0:00:04]} 11. d5 {165} e5 {[%emt 0:00:20]} 12. e4 {178} Nd7 {[%emt 0:00:
24]} 13. h4 {216} a5 {[%emt 0:00:17]} 14. Bh3 {110} Nc5 {125} 15. Kg2 {198} Bc8
{68} 16. Rh1 {71} Bxh3+ {162} 17. Rxh3 {[%emt 0:00:08]} Qd7 {60} 18. Nh2 {1011}
h5 {135} 19. f3 {1317} g6 {889} 20. g4 {[%emt 0:00:08]} Kh7 {281} 21. Rh1 {428}
Rg8 {866} 22. Qd1 {650} Bg7 {405} 23. Nf1 {[%emt 0:00:46]} Bh6 {[%emt 0:00:49]}
24. Kf2 {65} Bc1 $3 {80} 25. Ng3 $2 {288} (25. b3 Bb2 26. Nb5 f5 {White is
under pressure, but why to give up the b2 pawn?}) 25... Bxb2 {297} 26. Nb5 {
[%emt 0:00:04]} Bc1 $1 {107 The bishop must return!} 27. gxh5 {107} Bf4 {206}
28. Nc3 {[%emt 0:00:48]} f5 {868} 29. hxg6+ {143} Rxg6 {[%emt 0:00:14]} 30.
Nxf5 {149} Rag8 {[%emt 0:00:35]} 31. Kf1 {[%emt 0:00:25]} b5 $1 {642} (31...
Rg2 32. Ne2 $11) 32. cxb5 {196} (32. Nxb5 $2 Rg2 {There is no Re2 now.} 33. Nc3
Rd2 $19) 32... Rg2 {[%emt 0:00:31]} 33. Qb1 {[%emt 0:00:01]} (33. Ne2 Qxb5 $19)
33... Qf7 $6 {134} (33... Rd2 $1 34. Rg1 Rxg1+ 35. Kxg1 Qe8 $19) 34. Ne2 {
[%emt 0:00:41]} Qg6 $4 {99 Rapport misses a simple knight fork.} 35. Ne7 $1 {
286} Rf2+ {485} 36. Kxf2 {[%emt 0:00:06]} Qg2+ {[%emt 0:00:03]} 37. Ke1 {
[%emt 0:00:03]} Rg3 {[%emt 0:00:08]} 38. Rxg3 {551} Qxh1+ {73} 39. Rg1 {
[%emt 0:00:03]} Qxf3 {[%emt 0:00:43]} 40. Nxf4 {[%emt 0:00:00]} Qe3+ {729} 41.
Ne2 {157} Nd3+ {[%emt 0:00:12]} 42. Qxd3 {490} Qxd3 {[%emt 0:00:03]} 43. Ng8 {
[%emt 0:00:07]} Qf3 {[%emt 0:00:57]} 44. h5 {118} Kh8 {[%emt 0:00:02]} 45. Rg6
{66} Qh1+ {101} 46. Kd2 {[%emt 0:00:14]} Qxe4 {[%emt 0:00:44]} 47. Nf6 {
[%emt 0:00:41]} Qb4+ {[%emt 0:00:08]} 48. Ke3 {[%emt 0:00:26]} 1-0